000
00200 a2200097 4500
001
18279
100
_a
Krech,
245
_a
Individual in society
260
_a
_b
McGraw-Hill
_c
090
_c
13573
_d
13573
942
_a
NUST-CAE
_c
M
_c
3973
999
_c
253352
_d
253352